Camping trip / (Record no. 492728)
[ view plain ]
| 000 -LEADER | |
|---|---|
| fixed length control field | 00982nam a22002537a 4500 |
| 003 - CONTROL NUMBER IDENTIFIER | |
| control field | OSt |
| 005 - DATE AND TIME OF LATEST TRANSACTION | |
| control field | 20260512151737.0 |
| 008 - FIXED-LENGTH DATA ELEMENTS--GENERAL INFORMATION | |
| fixed length control field | 260512b |||||||| |||| 00| 0 eng d |
| 020 ## - INTERNATIONAL STANDARD BOOK NUMBER | |
| International Standard Book Number | 9780723295303 |
| 040 ## - CATALOGING SOURCE | |
| Original cataloging agency | Kenya National Library Service |
| 082 ## - DEWEY DECIMAL CLASSIFICATION NUMBER | |
| Classification number | 428.6 HOR |
| 100 ## - MAIN ENTRY--PERSONAL NAME | |
| Personal name | Horsley, Lorraine, |
| Relator term | adapter. |
| 245 ## - TITLE STATEMENT | |
| Title | Camping trip / |
| Statement of responsibility, etc. | adaptation written by Lorraine Horsley. |
| 300 ## - PHYSICAL DESCRIPTION | |
| Extent | 31 pages : |
| Other physical details | colour illustrations ; |
| Dimensions | 18 cm. |
| 490 ## - SERIES STATEMENT | |
| Series statement | Read it yourself with Ladybird ; |
| Volume/sequential designation | Level 2. |
| 500 ## - GENERAL NOTE | |
| General note | Based on the television characters created by Neville Astley and Mark Baker. |
| 520 ## - SUMMARY, ETC. | |
| Summary, etc. | Peppa Pig and her family go on a camping holiday in their camper van and get lost along the way. Includes reading support features for beginner readers. |
| 650 ## - SUBJECT ADDED ENTRY--TOPICAL TERM | |
| Topical term or geographic name entry element | Readers (Primary). |
| 700 ## - ADDED ENTRY--PERSONAL NAME | |
| Personal name | Astley, Neville, |
| Relator term | creator. |
| 700 ## - ADDED ENTRY--PERSONAL NAME | |
| Personal name | Baker, Mark, |
| Relator term | creator. |
| 942 ## - ADDED ENTRY ELEMENTS (KOHA) | |
| Source of classification or shelving scheme | Dewey Decimal Classification |
| Koha item type | Books |
| Suppress in OPAC | No |
| Withdrawn status | Source of classification or shelving scheme | Damaged status | Not for loan | Collection | Home library | Current library | Date acquired | Source of acquisition | Cost, normal purchase price | Total checkouts | Full call number | Barcode | Date last seen | Price effective from | Koha item type |
|---|---|---|---|---|---|---|---|---|---|---|---|---|---|---|---|
| Dewey Decimal Classification | Junior Books | Buru Buru Library | Acquisition, Cataloguing, Classification and Distribution Development | 05/12/2026 | BAI | 374.00 | 428.6 HOR | B230523 | 05/12/2026 | 05/12/2026 | Books |
